| 000 | 01391nam a2200253Ia 4500 | ||
|---|---|---|---|
| 999 |
_c56659 _d56659 |
||
| 001 | 23781 | ||
| 003 | GE_BSU | ||
| 005 | 20240614121739.0 | ||
| 008 | 181216s2001||||ge |||||||||||||| ||geo|| | ||
| 020 | _a9992801468 | ||
| 040 | _cGE_BSU | ||
| 041 | _ageo | ||
| 080 | _a612(075.8) + 612.8 ი-72 | ||
| 100 |
_aიოსელიანი, თეიმურაზ _916502 |
||
| 245 |
_aადამიანის ფიზიოლოგია : _bკუნთოვანი და ნერვული სისტემები : [სახელმძღვ. მედიცინის, ბიოლოგიის, ფსიქოლოგიისა და ფილოსოფიის ფაკ-ტების სტუდ.-თვის / _cთეიმურაზ იოსელიანი ; მეცნ.-რედ.: გურამ ბექაია. |
||
| 264 |
_aთბილისი : _bოცდამეერთე, _c2001. |
||
| 300 |
_a312 გვ. : _bილ. ; _c20 სმ. |
||
| 541 | _h15 ლ. | ||
| 653 | _aადამიანის ფიზიოლოგია | ||
| 653 | _aკუნთოვანი და ნერვული სისტემები | ||
| 653 | _aმედიცინა | ||
| 856 |
_uhttps://dspace.nplg.gov.ge/bitstream/1234/447498/1/Adamianis_Fiziologia_2001.pdf _yელ. ვერსია |
||
| 942 |
_cBK _2udc |
||